MARC

LEADER 00000nam0a2200000 4500
001 266640
005 20231101234023.0
035 |a (RuTPU)RU\TPU\book\289660 
090 |a 266640 
100 |a 20140711d1986 k y0rusy50 ca 
101 0 |a rus 
102 |a RU 
105 |a a z 001zy 
200 1 |a Консервация изделий машиностроения  |f П. А. Виноградов 
210 |a Ленинград  |c Машиностроение  |d 1986 
215 |a 270 с.  |c ил. 
320 |a Библиогр.: с. 263-267. 
606 1 |a Промышленное оборудование  |x Защита от коррозии  |2 stltpush  |3 (RuTPU)RU\TPU\subj\52257  |9 70743 
610 1 |a машиностроение 
610 1 |a изделия 
610 1 |a консервация 
610 1 |a старение 
610 1 |a ингибиторы 
610 1 |a ингибиторы-консерванты 
610 1 |a защитные средства 
610 1 |a пленочные покрытия 
610 1 |a техника безопасности 
675 |a 620.197.3  |v 3 
700 1 |a Виноградов  |b П. А. 
801 1 |a RU  |b 63413507  |c 20140711 
801 2 |a RU  |b 63413507  |c 20151021  |g RCR 
942 |c BK